| 000 | 00481nam a2200181Ia 4500 | ||
|---|---|---|---|
| 003 | 0100 | ||
| 008 | 130227s9999 xx 000 0 und d | ||
| 020 | _a9780620394802 | ||
| 040 | _cARRUPELIB | ||
| 050 | _aB5310.R85 2007 | ||
| 100 |
_aRukuni, Mandivamba _917135 |
||
| 245 |
_aBeing Afrikan _bRediscovering the traditional Unhu-Ubuntu-Botho pathways of being human |
||
| 260 | _aArcadia | ||
| 260 | _bMandala Publishers | ||
| 300 | _a180p | ||
| 300 | _b 18cm | ||
| 942 |
_2lcc _012 |
||
| 999 |
_c405 _d405 |
||